[Event "BL2-Sued 2324"]
[Site "Germany"]
[Date "2024.02.24"]
[Round "7.4"]
[White "Holzhaeuer, Mathias"]
[Black "Guliyev, Namig"]
[Result "0-1"]
[WhiteElo "2222"]
[BlackElo "2531"]
[PlyCount "60"]
[EventDate "2023.10.21"]
[EventType "team-tourn"]
[EventRounds "10"]
[EventCountry "GER"]
[SourceTitle "EXT 2025"]
[Source "ChessBase"]
[SourceDate "2024.10.14"]
[SourceVersion "1"]
[SourceVersionDate "2024.10.14"]
[SourceQuality "1"]
[WhiteTeam "Schmiden/Cannstatt"]
[BlackTeam "Eppingen"]
[WhiteTeamCountry "GER"]
[BlackTeamCountry "GER"]

1. e4 c5 2. Nc3 Nc6 3. Bb5 Nd4 4. Bc4 g6 5. Nge2 Bg7 6. Nxd4 cxd4 7. Qf3 e6 8. Nb5 d6 9. Qa3 Ke7 10. c3 dxc3 11. Nxc3 a6 12. Ne2 Qc7 13. d3 Bd7 14. Bd2 b5 15. Ba5 Qc5 16. Bb4 Qc6 17. Bc3 Bxc3+ 18. Qxc3 bxc4 19. Qxh8 Nf6 20. Qg7 cxd3 21. Ng3 d2+ 22. Kxd2 Qb6 23. Ke1 Qxb2 24. Rd1 Ba4 25. Qh6 Bxd1 26. Kxd1 Rb8 27. Ne2 Qxa2 28. Qe3 Rb1+ 29. Nc1 Qa4+ 30. Ke2 Nxe4 0-1

[Event "BL2-Sued 2324"]
[Site "Germany"]
[Date "2024.02.04"]
[Round "6.4"]
[White "Holzhaeuer, Mathias"]
[Black "Razafindratsima, Timothe"]
[Result "0-1"]
[WhiteElo "2222"]
[BlackElo "2459"]
[PlyCount "102"]
[EventDate "2023.10.21"]
[EventType "team-tourn"]
[EventRounds "10"]
[EventCountry "GER"]
[SourceTitle "EXT 2025"]
[Source "ChessBase"]
[SourceDate "2024.10.14"]
[SourceVersion "1"]
[SourceVersionDate "2024.10.14"]
[SourceQuality "1"]
[WhiteTeam "Schmiden/Cannstatt"]
[BlackTeam "Bad Mergentheim"]
[WhiteTeamCountry "GER"]
[BlackTeamCountry "GER"]

1. e4 c5 2. Nc3 Nc6 3. Bb5 Nd4 4. Bc4 a6 5. Nge2 b5 6. Bd5 Rb8 7. d3 e6 8. Bb3 Nxb3 9. axb3 b4 10. Nb1 Bb7 11. 0-0 Be7 12. Ng3 d6 13. Nd2 Nf6 14. f4 h5 15. h3 h4 16. Ne2 Ng8 17. f5 exf5 18. Rxf5 Bf6 19. Rf1 Ne7 20. Nf3 Ng6 21. Kh1 Ra8 22. c4 bxc3 23. Nxc3 0-0 24. d4 Re8 25. d5 a5 26. Re1 Ba6 27. Ra4 Rb8 28. Nd2 Ne5 29. Nc4 Rb4 30. Nxe5 Bxe5 31. Ra3 Bxc3 32. bxc3 Rbxe4 33. Rxe4 Rxe4 34. c4 Bc8 35. Bd2 Rd4 36. Qe2 Bf5 37. Rxa5 Rd3 38. Rb5 Bg6 39. Rb7 Qf6 40. Rb8+ Kh7 41. Be1 Qd4 42. Re8 Rxb3 43. Qg4 Qxg4 44. hxg4 Bd3 45. Kg1 Bxc4 46. Rd8 Rb1 47. Kf2 Rb2+ 48. Kf3 Bxd5+ 49. Kf4 Rxg2 50. Bxh4 Be6 51. g5 Rg4+ 0-1

[Event "BL2-Sued 2324"]
[Site "Germany"]
[Date "2023.12.03"]
[Round "4.5"]
[White "Holzhaeuer, Mathias"]
[Black "Beyer, Christian"]
[Result "1/2-1/2"]
[WhiteElo "2222"]
[BlackElo "2261"]
[PlyCount "27"]
[EventDate "2023.10.21"]
[EventType "team-tourn"]
[EventRounds "10"]
[EventCountry "GER"]
[SourceTitle "EXT 2025"]
[Source "ChessBase"]
[SourceDate "2024.10.14"]
[SourceVersion "1"]
[SourceVersionDate "2024.10.14"]
[SourceQuality "1"]
[WhiteTeam "Schmiden/Cannstatt"]
[BlackTeam "Schoenaich"]
[WhiteTeamCountry "GER"]
[BlackTeamCountry "GER"]

1. e4 c5 2. Nc3 e6 3. f4 Nc6 4. Nf3 d5 5. Bb5 dxe4 6. Bxc6+ bxc6 7. Nxe4 Ba6 8. b3 Nf6 9. d3 c4 10. Nf2 cxd3 11. Nxd3 Bxd3 12. Qxd3 Qxd3 13. cxd3 Nd5 14. Bd2 1/2-1/2

[Event "BL2-Sued 2324"]
[Site "Germany"]
[Date "2023.10.22"]
[Round "2.4"]
[White "Holzhaeuer, Mathias"]
[Black "Faerber, David"]
[Result "1/2-1/2"]
[WhiteElo "2222"]
[BlackElo "2375"]
[PlyCount "33"]
[EventDate "2023.10.21"]
[EventType "team-tourn"]
[EventRounds "10"]
[EventCountry "GER"]
[SourceTitle "EXT 2025"]
[Source "ChessBase"]
[SourceDate "2024.10.14"]
[SourceVersion "1"]
[SourceVersionDate "2024.10.14"]
[SourceQuality "1"]
[WhiteTeam "Schmiden/Cannstatt"]
[BlackTeam "Walldorf"]
[WhiteTeamCountry "GER"]
[BlackTeamCountry "GER"]

1. e4 e5 2. Nf3 Nc6 3. Bb5 a6 4. Bxc6 dxc6 5. Nc3 f6 6. Ng1 Be6 7. Nge2 Qd7 8. d3 0-0-0 9. Be3 Bd6 10. Qd2 c5 11. Nd5 f5 12. f3 f4 13. Bf2 Ne7 14. c4 Nc6 15. Rb1 Bxd5 16. cxd5 Ne7 17. Rc1 1/2-1/2

[Event "BL2-Sued 2324"]
[Site "Germany"]
[Date "2023.10.20"]
[Round "8.4"]
[White "Schmider, Niklas"]
[Black "Holzhaeuer, Mathias"]
[Result "1-0"]
[WhiteElo "2395"]
[BlackElo "2222"]
[PlyCount "47"]
[EventDate "2023.10.21"]
[EventType "team-tourn"]
[EventRounds "10"]
[EventCountry "GER"]
[SourceTitle "EXT 2025"]
[Source "ChessBase"]
[SourceDate "2024.10.14"]
[SourceVersion "1"]
[SourceVersionDate "2024.10.14"]
[SourceQuality "1"]
[WhiteTeam "Baden-Baden II"]
[BlackTeam "Schmiden/Cannstatt"]
[WhiteTeamCountry "GER"]
[BlackTeamCountry "GER"]

1. e4 d5 2. exd5 Nf6 3. d4 Bg4 4. f3 Bf5 5. g4 Bg6 6. c4 e6 7. Nc3 h6 8. dxe6 Nc6 9. Be3 fxe6 10. Bd3 Bxd3 11. Qxd3 Ne5 12. Qc2 Nf7 13. 0-0-0 Qd7 14. Nge2 a6 15. Nf4 0-0-0 16. Ng6 Rg8 17. h4 Qc6 18. g5 Nd7 19. d5 exd5 20. cxd5 Qd6 21. Nf4 Qe5 22. Rhe1 hxg5 23. Ne6 gxh4 24. Bf4 1-0

[Event "Oberliga Wuerttemberg 2223"]
[Site "Wuerttemberg"]
[Date "2023.04.23"]
[Round "8.3"]
[White "Braeuning, Rudolf Wilhelm"]
[Black "Holzhaeuer, Mathias"]
[Result "1/2-1/2"]
[WhiteElo "2222"]
[BlackElo "2244"]
[PlyCount "43"]
[EventDate "2022.09.18"]
[EventType "team-tourn"]
[EventRounds "9"]
[EventCountry "GER"]
[SourceTitle "EXT 2025"]
[Source "ChessBase"]
[SourceDate "2024.10.14"]
[SourceVersion "1"]
[SourceVersionDate "2024.10.14"]
[SourceQuality "1"]
[WhiteTeam "Bebenhausen"]
[BlackTeam "Schmiden/Cannstatt"]
[WhiteTeamCountry "GER"]
[BlackTeamCountry "GER"]

1. c4 e5 2. g3 Nf6 3. Bg2 Nc6 4. Nc3 Bc5 5. a3 a6 6. e3 d6 7. Nge2 0-0 8. 0-0 Ne7 9. d4 Ba7 10. b4 c6 11. Bb2 Be6 12. d5 cxd5 13. cxd5 Bd7 14. Rc1 Ne8 15. Qb3 f5 16. b5 Ng6 17. a4 Bc5 18. bxa6 Rxa6 19. Ba3 Bxa3 20. Qxa3 b5 21. Qb4 bxa4 22. Ra1 1/2-1/2

[Event "Oberliga Wuerttemberg 1920"]
[Site "Wuerttemberg"]
[Date "2019.12.01"]
[Round "4.4"]
[White "Holzhaeuer, Mathias"]
[Black "Auch, Stefan"]
[Result "1-0"]
[WhiteElo "2178"]
[BlackElo "2013"]
[PlyCount "53"]
[EventDate "2019.09.15"]
[EventType "team-tourn"]
[EventRounds "9"]
[EventCountry "GER"]
[SourceTitle "EXT 2021"]
[Source "ChessBase"]
[SourceDate "2020.10.23"]
[SourceVersion "1"]
[SourceVersionDate "2020.10.23"]
[SourceQuality "1"]
[WhiteTeam "Schmiden Cannstatt"]
[BlackTeam "Nuertingen"]
[WhiteTeamCountry "GER"]
[BlackTeamCountry "GER"]

1. e4 d5 2. exd5 Qxd5 3. Nc3 Qd8 4. d4 Nf6 5. Bc4 a6 6. Be3 g6 7. Nf3 Bg7 8. Ne5 0-0 9. Qf3 c6 10. 0-0-0 e6 11. h4 b5 12. Bd3 Nd5 13. Qg3 Nxc3 14. bxc3 Qd6 15. h5 f6 16. h6 fxe5 17. hxg7 Rf5 18. Bxf5 exf5 19. Qxe5 Qxe5 20. dxe5 Kxg7 21. Rd8 Be6 22. Bh6+ Kf7 23. Bf8 Nd7 24. Rxh7+ Kg8 25. Rg7+ Kh8 26. Rxa8 Nxf8 27. Re7 1-0

[Event "Oberliga Wuerttemberg 1819"]
[Site "Wuerttemberg"]
[Date "2019.04.07"]
[Round "9.1"]
[White "Holzhaeuer, Mathias"]
[Black "Velicka, Petr"]
[Result "1/2-1/2"]
[WhiteElo "2282"]
[BlackElo "2426"]
[PlyCount "53"]
[EventDate "2018.09.23"]
[EventType "team-tourn"]
[EventRounds "9"]
[EventCountry "GER"]
[SourceTitle "EXT 2020"]
[Source "ChessBase"]
[SourceDate "2019.10.17"]
[SourceVersion "1"]
[SourceVersionDate "2019.10.17"]
[SourceQuality "1"]
[WhiteTeam "Schmiden Cannstatt"]
[BlackTeam "Schwaebisch Gmuend"]
[WhiteTeamCountry "GER"]
[BlackTeamCountry "GER"]

1. e4 c6 2. d4 d5 3. exd5 cxd5 4. Bd3 Nc6 5. c3 Nf6 6. Bf4 Bg4 7. Qb3 Qd7 8. Nd2 e6 9. Ngf3 Bxf3 10. Nxf3 Bd6 11. Bg3 0-0 12. 0-0 Qc7 13. Rae1 Nd7 14. Qd1 h6 15. Qe2 a6 16. Bxd6 Qxd6 17. Ne5 Rae8 18. f4 f5 19. Nxd7 Qxd7 20. Rf3 Rf6 21. Re3 Nd8 22. g4 fxg4 23. f5 Re7 24. Qxg4 exf5 25. Rxe7 Qxe7 26. Rxe7 fxg4 27. Re8+ 1/2-1/2

[Event "Oberliga Wuerttemberg 1819"]
[Site "Wuerttemberg"]
[Date "2019.03.24"]
[Round "8"]
[White "Braun, Georg"]
[Black "Holzhaeuer, Mathias"]
[Result "1-0"]
[WhiteElo "2292"]
[BlackElo "2282"]
[PlyCount "61"]
[EventDate "2018.09.23"]
[EventType "team-tourn"]
[EventRounds "9"]
[EventCountry "GER"]
[SourceTitle "EXT 2020"]
[Source "ChessBase"]
[SourceDate "2019.10.17"]
[SourceVersion "1"]
[SourceVersionDate "2019.10.17"]
[SourceQuality "1"]
[WhiteTeam "Bebenhausen"]
[BlackTeam "Schmiden Cannstatt"]
[WhiteTeamCountry "GER"]
[BlackTeamCountry "GER"]

1. e4 d5 2. exd5 Qxd5 3. Nc3 Qd6 4. d4 Nf6 5. Nf3 c6 6. Ne5 Nbd7 7. Nc4 Qe6+ 8. Be2 Nb6 9. Ne5 Nbd7 10. Bc4 Nd5 11. 0-0 Nxe5 12. Bxd5 cxd5 13. dxe5 Qxe5 14. Re1 Qd6 15. Nxd5 Be6 16. c4 Qd7 17. Bf4 Rc8 18. Qe2 Rg8 19. Rad1 Bxd5 20. cxd5 g5 21. Bg3 Rg6 22. h3 h6 23. Rd4 Rc5 24. Qd3 Rb6 25. b4 Rcb5 26. Rc1 Bg7 27. Rc7 Qd8 28. Re4 e6 29. dxe6 Qxd3 30. exf7+ Kf8 31. Re8# 1-0

[Event "Oberliga Wuerttemberg 1819"]
[Site "Wuerttemberg"]
[Date "2018.12.02"]
[Round "4"]
[White "Holzhaeuer, Mathias"]
[Black "Walter, Kevin"]
[Result "0-1"]
[WhiteElo "2282"]
[BlackElo "2196"]
[PlyCount "98"]
[EventDate "2018.09.23"]
[EventType "team-tourn"]
[EventRounds "9"]
[EventCountry "GER"]
[SourceTitle "EXT 2020"]
[Source "ChessBase"]
[SourceDate "2019.10.17"]
[SourceVersion "1"]
[SourceVersionDate "2019.10.17"]
[SourceQuality "1"]
[WhiteTeam "Schmiden Cannstatt"]
[BlackTeam "Sontheim/Brenz"]
[WhiteTeamCountry "GER"]
[BlackTeamCountry "GER"]

1. e4 c5 2. f4 d6 3. Nc3 g6 4. Nf3 Bg7 5. Bb5+ Bd7 6. Bc4 Nc6 7. a3 e6 8. 0-0 Nge7 9. d3 0-0 10. Bd2 Nd4 11. Rb1 b5 12. Ba2 Qb6 13. Nxd4 cxd4 14. Ne2 a5 15. Kh1 d5 16. Ng3 h5 17. Qe1 dxe4 18. dxe4 Qb7 19. Rf2 h4 20. Nf1 Bc6 21. Re2 h3 22. Ng3 hxg2+ 23. Kxg2 a4 24. h3 Rfd8 25. Ba5 Rd7 26. Kh2 d3 27. cxd3 Rxd3 28. Rd1 Rf3 29. Bb4 Rxf4 30. Bd6 Rh4 31. Nf5 gxf5 32. Qxh4 Ng6 33. Qg5 Bxe4 34. h4 Kh7 35. h5 Ne5 36. Kh3 Ng4 37. Qf4 Bf3 38. Rxe6 fxe6 39. Rc1 Bg2+ 40. Kg3 Bh1 41. Rc7 Qg2+ 42. Kh4 Nh2 43. Be5 Rg8 44. Bxe6 Nf3+ 45. Qxf3 Qxf3 46. Bxg8+ Kxg8 47. Rxg7+ Kf8 48. Kg5 Qe3+ 49. Kf6 Qxe5+ 0-1

[Event "Oberliga Wuerttemberg 1819"]
[Site "Wuerttemberg"]
[Date "2018.11.11"]
[Round "3"]
[White "Holzhaeuer, Mathias"]
[Black "Sinz, Bernhard"]
[Result "1/2-1/2"]
[WhiteElo "2282"]
[BlackElo "2390"]
[PlyCount "37"]
[EventDate "2018.09.23"]
[EventType "team-tourn"]
[EventRounds "9"]
[EventCountry "GER"]
[SourceTitle "EXT 2020"]
[Source "ChessBase"]
[SourceDate "2019.10.17"]
[SourceVersion "1"]
[SourceVersionDate "2019.10.17"]
[SourceQuality "1"]
[WhiteTeam "Schmiden Cannstatt"]
[BlackTeam "Biberach"]
[WhiteTeamCountry "GER"]
[BlackTeamCountry "GER"]

1. e4 c5 2. Nf3 Nc6 3. Bb5 d6 4. 0-0 Bd7 5. Re1 a6 6. Bf1 Bg4 7. c3 Nf6 8. a4 e6 9. h3 Bxf3 10. Qxf3 Be7 11. d3 0-0 12. Bf4 d5 13. e5 Nd7 14. Qg4 Kh8 15. Nd2 b5 16. Nf3 Qb6 17. axb5 axb5 18. Rab1 Ra4 19. Qg3 1/2-1/2

[Event "Oberliga Wuerttemberg 1819"]
[Site "Wuerttemberg"]
[Date "2018.10.14"]
[Round "2"]
[White "Plat, Vojtech"]
[Black "Holzhaeuer, Mathias"]
[Result "1-0"]
[WhiteElo "2539"]
[BlackElo "2282"]
[PlyCount "103"]
[EventDate "2018.09.23"]
[EventType "team-tourn"]
[EventRounds "9"]
[EventCountry "GER"]
[SourceTitle "EXT 2020"]
[Source "ChessBase"]
[SourceDate "2019.10.17"]
[SourceVersion "1"]
[SourceVersionDate "2019.10.17"]
[SourceQuality "1"]
[WhiteTeam "Weiler im Allgaeu"]
[BlackTeam "Schmiden Cannstatt"]
[WhiteTeamCountry "GER"]
[BlackTeamCountry "GER"]

1. d4 Nf6 2. c4 Nc6 3. Nf3 e6 4. Nc3 Bb4 5. Bd2 0-0 6. e3 d6 7. Qc2 e5 8. dxe5 dxe5 9. a3 Bxc3 10. Bxc3 Re8 11. b4 Bg4 12. Be2 e4 13. Rd1 Qe7 14. b5 Nb8 15. Bb4 Qe6 16. Nd4 Qe5 17. Bc3 Qg5 18. Bxg4 Qxg4 19. Ne2 Nbd7 20. Ng3 Qe6 21. Bxf6 Nxf6 22. 0-0 a6 23. a4 c5 24. bxc6 Qxc6 25. Nf5 Qc5 26. Nd6 Re6 27. Qd2 Qc6 28. Qb4 b6 29. Rd4 a5 30. Qa3 Nd7 31. Rfd1 Nc5 32. Nb5 Nd3 33. Nc3 f5 34. Nd5 Nc5 35. Rb1 Rb8 36. Rb5 Rb7 37. h3 Nd3 38. Nxb6 Nb4 39. c5 h6 40. Qb3 Kh7 41. Nd5 Re5 42. Nxb4 axb4 43. Qxb4 Rf7 44. Rd6 Qe8 45. c6 f4 46. Rxe5 Qxe5 47. Qd4 Qf5 48. Qd5 fxe3 49. Qxf5+ Rxf5 50. fxe3 Rc5 51. Kh2 Kg8 52. a5 1-0

[Event "Oberliga Wuerttemberg 1718"]
[Site "Wuerttemberg"]
[Date "2018.04.22"]
[Round "9.33"]
[White "Jochens, Arne"]
[Black "Holzhaeuer, Mathias"]
[Result "1/2-1/2"]
[WhiteElo "2238"]
[BlackElo "2283"]
[PlyCount "24"]
[EventDate "2017.09.17"]
[EventType "team-tourn"]
[EventRounds "9"]
[EventCountry "GER"]
[SourceTitle "EXT 2019"]
[Source "ChessBase"]
[SourceDate "2018.10.10"]
[SourceVersion "1"]
[SourceVersionDate "2018.10.10"]
[SourceQuality "1"]
[WhiteTeam "Ulm Weisse Dame"]
[BlackTeam "Schmiden Cannstatt"]
[WhiteTeamCountry "GER"]
[BlackTeamCountry "GER"]

1. c4 e5 2. Nc3 Nf6 3. Nf3 Nc6 4. e3 g6 5. d4 d6 6. Be2 Bg7 7. dxe5 Nxe5 8. Nxe5 dxe5 9. Qxd8+ Kxd8 10. b3 c6 11. Ba3 Kc7 12. 0-0-0 Bf8 1/2-1/2

[Event "Oberliga Wuerttemberg 1617"]
[Site "Wuerttemberg"]
[Date "2017.03.19"]
[Round "9.4"]
[White "Oberst, Thomas"]
[Black "Holzhaeuer, Mathias"]
[Result "1-0"]
[WhiteElo "2293"]
[BlackElo "2284"]
[PlyCount "87"]
[EventDate "2016.09.25"]
[EventType "team-tourn"]
[EventRounds "11"]
[EventCountry "GER"]
[SourceTitle "EXT 2019"]
[Source "ChessBase"]
[SourceDate "2018.10.10"]
[SourceVersion "1"]
[SourceVersionDate "2018.10.10"]
[SourceQuality "1"]
[WhiteTeam "Biberach"]
[BlackTeam "Schmiden Cannstatt"]
[WhiteTeamCountry "GER"]
[BlackTeamCountry "GER"]

1. c4 e5 2. e3 Nf6 3. a3 a5 4. Nc3 c6 5. Nf3 e4 6. Nd4 Na6 7. d3 d5 8. cxd5 cxd5 9. dxe4 dxe4 10. Bxa6 Rxa6 11. Qc2 Bc5 12. Ncb5 Qb6 13. Bd2 0-0 14. Rc1 Bxd4 15. Nxd4 Bd7 16. 0-0 Re8 17. Rfd1 Bg4 18. Re1 Bd7 19. h3 Nd5 20. Qc5 Ne7 21. Qc7 Ba4 22. b3 Qxc7 23. Rxc7 Bc6 24. Nxc6 bxc6 25. Rc1 Rb6 26. b4 f6 27. bxa5 Rb3 28. Bb4 Nd5 29. R7xc6 Nxb4 30. axb4 Rxb4 31. a6 Ra4 32. Rc8 Kf8 33. Rxe8+ Kxe8 34. Rc7 Rxa6 35. Rxg7 h5 36. Kh2 Kf8 37. Rh7 Ra5 38. h4 Rf5 39. Kg3 Ke8 40. Ra7 Rb5 41. Ra4 f5 42. Ra7 Kf8 43. Rh7 Kg8 44. Rxh5 1-0

[Event "Oberliga Wuerttemberg 1617"]
[Site "Wuerttemberg"]
[Date "2016.12.04"]
[Round "5.4"]
[White "Lorscheid, Gerhard"]
[Black "Holzhaeuer, Mathias"]
[Result "1/2-1/2"]
[WhiteElo "2253"]
[BlackElo "2284"]
[PlyCount "28"]
[EventDate "2016.09.25"]
[EventType "team-tourn"]
[EventRounds "11"]
[EventCountry "GER"]
[SourceTitle "EXT 2019"]
[Source "ChessBase"]
[SourceDate "2018.10.10"]
[SourceVersion "1"]
[SourceVersionDate "2018.10.10"]
[SourceQuality "1"]
[WhiteTeam "Stuttgart SF"]
[BlackTeam "Schmiden Cannstatt"]
[WhiteTeamCountry "GER"]
[BlackTeamCountry "GER"]

1. d4 Nf6 2. c4 Nc6 3. Nf3 e6 4. a3 d6 5. Nc3 g6 6. g3 Bg7 7. Bg2 0-0 8. 0-0 Re8 9. h3 d5 10. cxd5 exd5 11. Bg5 h6 12. Bxf6 Bxf6 13. b4 a6 14. Rc1 Qd6 1/2-1/2

[Event "Oberliga Wuerttemberg 1516"]
[Site "Wuerttemberg"]
[Date "2016.01.17"]
[Round "5.3"]
[White "Graf, Alexander"]
[Black "Holzhaeuer, Mathias"]
[Result "1/2-1/2"]
[WhiteElo "2525"]
[BlackElo "2251"]
[PlyCount "107"]
[EventDate "2015.09.20"]
[EventType "team-tourn"]
[EventRounds "9"]
[EventCountry "GER"]
[SourceTitle "EXT 2019"]
[Source "ChessBase"]
[SourceDate "2018.10.10"]
[SourceVersion "1"]
[SourceVersionDate "2018.10.10"]
[SourceQuality "1"]
[WhiteTeam "Deizisau"]
[BlackTeam "Schmiden Cannstatt"]
[WhiteTeamCountry "GER"]
[BlackTeamCountry "GER"]

1. d4 Nf6 2. c4 Nc6 3. Nf3 e6 4. Nc3 Bb4 5. Qc2 d6 6. Bg5 h6 7. Bd2 0-0 8. Rd1 Qe7 9. e3 a5 10. Be2 Bxc3 11. Bxc3 e5 12. 0-0 e4 13. Nd2 Bf5 14. Rde1 Bg6 15. Qa4 Qd7 16. Bd1 Nb4 17. Qxd7 Nxd7 18. Bb3 c5 19. a3 Nd3 20. Rd1 cxd4 21. exd4 Rfe8 22. Ba4 Re7 23. Nb3 Nb6 24. Bb5 a4 25. Na5 Ra7 26. Bb4 e3 27. fxe3 Rxe3 28. c5 dxc5 29. dxc5 Nd5 30. Bxd3 Bxd3 31. Rfe1 Rxe1+ 32. Bxe1 Be4 33. Rd4 f5 34. Rxa4 Nf4 35. Bd2 Nd3 36. Rd4 Nxc5 37. Nc4 Ra6 38. Be3 Ne6 39. Rd2 Rc6 40. Nd6 Rc1+ 41. Kf2 Bc6 42. Nxf5 Kh7 43. Ne7 Be4 44. Nd5 Rc8 45. Nc3 Bc6 46. Rd6 Rf8+ 47. Kg1 Re8 48. a4 Nc7 49. Bb6 Ne6 50. a5 Ng5 51. Rd4 Re1+ 52. Kf2 Rc1 53. Rd2 Rxc3 54. bxc3 1/2-1/2

[Event "Oberliga Wuerttemberg 1516"]
[Site "Wuerttemberg"]
[Date "2015.11.15"]
[Round "3.4"]
[White "Holzhaeuer, Mathias"]
[Black "Stiepan, Hans Michael"]
[Result "1-0"]
[WhiteElo "2251"]
[BlackElo "2110"]
[PlyCount "59"]
[EventDate "2015.09.20"]
[EventType "team-tourn"]
[EventRounds "9"]
[EventCountry "GER"]
[SourceTitle "EXT 2019"]
[Source "ChessBase"]
[SourceDate "2018.10.10"]
[SourceVersion "1"]
[SourceVersionDate "2018.10.10"]
[SourceQuality "1"]
[WhiteTeam "Schmiden Cannstatt"]
[BlackTeam "Jedesheim"]
[WhiteTeamCountry "GER"]
[BlackTeamCountry "GER"]

1. e4 e6 2. Nf3 d5 3. e5 c5 4. b4 cxb4 5. a3 Nc6 6. axb4 Bxb4 7. c3 Be7 8. d4 Nh6 9. Bd3 f6 10. 0-0 Nf7 11. Re1 Qc7 12. Qe2 Bd7 13. Na3 0-0 14. Nc2 fxe5 15. dxe5 b5 16. Ncd4 Ncxe5 17. Nxe5 Nxe5 18. Qxe5 Qxe5 19. Rxe5 Bf6 20. Re3 b4 21. Nxe6 Rfc8 22. Nf4 d4 23. Rg3 Be5 24. Be4 dxc3 25. Bxa8 Rxa8 26. Rb1 a5 27. Rg5 Bf6 28. Rc5 Ba4 29. Nd5 Bc2 30. Ra1 1-0

[Event "Oberliga Wuerttemberg 1314"]
[Site "Wuerttemberg"]
[Date "2013.11.10"]
[Round "2.4"]
[White "Holzhaeuer, Mathias"]
[Black "Gabriel, Robert A"]
[Result "1-0"]
[WhiteElo "2258"]
[BlackElo "2110"]
[PlyCount "127"]
[EventDate "2013.10.13"]
[EventType "team-tourn"]
[EventRounds "9"]
[EventCountry "GER"]
[SourceTitle "EXT 2019"]
[Source "ChessBase"]
[SourceDate "2018.10.10"]
[SourceVersion "1"]
[SourceVersionDate "2018.10.10"]
[SourceQuality "1"]
[WhiteTeam "Schmiden Cannstatt"]
[BlackTeam "Stuttgart SF II"]
[WhiteTeamCountry "GER"]
[BlackTeamCountry "GER"]

1. e4 c5 2. Nc3 e6 3. f4 d5 4. Bb5+ Nc6 5. Nf3 Nf6 6. e5 Nd7 7. Bxc6 bxc6 8. d3 Be7 9. 0-0 0-0 10. Qe1 Ba6 11. b3 c4 12. bxc4 dxc4 13. d4 Nb6 14. Be3 Qc7 15. Qg3 c5 16. f5 exf5 17. d5 Qd7 18. Bh6 g6 19. d6 Bd8 20. Bxf8 Kxf8 21. Rae1 Bb7 22. Ng5 Bxg5 23. Qxg5 Re8 24. Re3 Re6 25. Qh6+ Kg8 26. Rh3 f6 27. Rxf5 Rxe5 28. Rxf6 Qg7 29. Qxg7+ Kxg7 30. Rf2 Re1+ 31. Rf1 Re6 32. Rd1 Bc6 33. Kf2 Rf6+ 34. Kg1 Re6 35. g4 g5 36. Kf2 Rf6+ 37. Ke2 Bd7 38. Rg3 Re6+ 39. Re3 Rxe3+ 40. Kxe3 Bxg4 41. Rg1 Bf5 42. Rxg5+ Kf6 43. Rg2 Ke5 44. Rg5 a6 45. Ne4 h6 46. Rh5 Nd5+ 47. Kf3 Nf4 48. d7 Nxh5 49. d8Q Bxe4+ 50. Ke3 Nf6 51. Qe7+ Kf5 52. Qxc5+ Bd5 53. Kd4 Ke6 54. Qc8+ Ke7 55. Qxa6 Be6 56. Qb7+ Kd6 57. Qb6+ Ke7 58. Qc7+ Bd7 59. Qxc4 Ne8 60. Qc5+ Kf6 61. Qe5+ Kg6 62. c4 Ng7 63. Qd6+ Be6 64. Ke5 1-0

[Event "Oeffingen op 4th"]
[Site "Oeffingen"]
[Date "2013.05.17"]
[Round "1"]
[White "Holzhaeuer, Mathias"]
[Black "Pudmensky, Stefan"]
[Result "1-0"]
[WhiteElo "2204"]
[BlackElo "1715"]
[PlyCount "75"]
[EventDate "2013.05.17"]
[EventType "swiss"]
[EventRounds "7"]
[EventCountry "GER"]
[SourceTitle "CBM 154 Extra"]
[Source "ChessBase"]
[SourceDate "2013.06.25"]
[SourceVersion "2"]
[SourceVersionDate "2013.06.25"]
[SourceQuality "1"]

1. e4 c5 2. Nc3 Nc6 3. Bb5 d6 4. Bxc6+ bxc6 5. d3 Nf6 6. f4 Bg4 7. Nf3 e6 8. h3 Bxf3 9. Qxf3 Rc8 10. 0-0 Be7 11. b3 0-0 12. Bd2 Nd7 13. Rae1 Bf6 14. Nd1 Bd4+ 15. Kh1 g6 16. f5 Qh4 17. c3 Be5 18. Ne3 Bg3 19. Rd1 Ne5 20. Qe2 Bf4 21. d4 Nd7 22. Ng4 Bxd2 23. Rxd2 exf5 24. exf5 Rce8 25. Qf3 Re1 26. Rdf2 Rxf1+ 27. Rxf1 h5 28. Nf2 d5 29. dxc5 Nxc5 30. Qe3 Ne4 31. Nxe4 Qxe4 32. Qh6 gxf5 33. Qg5+ Kh7 34. Qxh5+ Kg7 35. Qg5+ Kh7 36. Rf4 Qe1+ 37. Kh2 Qe5 38. Qg3 1-0

[Event "Nuremberg LGA Cup 9th"]
[Site "Nuremberg"]
[Date "2012.09.09"]
[Round "6"]
[White "Holzhaeuer, Mathias"]
[Black "Paehtz, Thomas Sr"]
[Result "1/2-1/2"]
[WhiteElo "2274"]
[BlackElo "2430"]
[PlyCount "69"]
[EventDate "2012.09.06"]
[EventType "swiss"]
[EventRounds "7"]
[EventCountry "GER"]
[SourceTitle "CBM 150 Extra"]
[Source "ChessBase"]
[SourceDate "2012.10.19"]
[SourceVersion "1"]
[SourceVersionDate "2012.10.19"]
[SourceQuality "1"]

1. e4 e5 2. Nf3 Nc6 3. Bb5 a6 4. Bxc6 dxc6 5. Nc3 f6 6. Ng1 Bc5 7. Nge2 Be6 8. d3 h5 9. Be3 Bxe3 10. fxe3 Nh6 11. Qd2 Qe7 12. 0-0-0 0-0-0 13. Kb1 c5 14. Rhf1 Nf7 15. Ng3 h4 16. Nf5 Qf8 17. Qf2 h3 18. gxh3 Rxh3 19. Rg1 Ng5 20. Rg3 Rxg3 21. Qxg3 g6 22. Nh4 Qh6 23. Rf1 Rh8 24. Nf3 Qh3 25. Qxh3 Rxh3 26. Nxg5 fxg5 27. Rf6 Rxh2 28. b3 Kd7 29. Rxg6 g4 30. Nd5 Bxd5 31. exd5 Rg2 32. Rg5 Kd6 33. Rg6+ Kd7 34. Rg7+ Kd6 35. Rg6+ 1/2-1/2